000 00446nmm a2200157Ia 4500
008 251105s9999||||xx |||||||||||||||||und||
041 _aspa
100 _aSánchez Ferrajón, Alfonso
245 0 _aLavinia o Libro de la pureza
264 _a[Madrid, España] :
_bCalambur,
_c1995
300 _a71 páginas
490 _aCalambur Poesía
650 _aSpanish poetry
856 _uhttps://public.digitaliapublishing.com/a/110321
942 _cCF
999 _c98662
_d98662